000 00580nam a2200193 i 4500
001 28533
003 ES-MaACL
005 20230906153857.0
007 t|
008 030117s1967 mx ||||1| spa d
100 1 _aBaran, Paul A.
_925303
245 1 3 _aLa economía política del crecimiento /
_cPaul A. Baran ; [traducción... Nathan Warman].
250 _a4ª ed.
260 _aMéxico :
_bFondo de Cultura Económica,
_c1967.
300 _a347 p. ;
_c21 cm.
650 4 _aDesarrollo económico.
_9153584
700 1 _aWarman, Nathan.
_9116108
852 _aES-MaACL
_jC-34680
999 _c28533
_d28533